Inovações no direito penal econômico : (Record no. 812)

MARC details
000 -LÍDER
Campo Fixo de Controle 00942nam a2200265 a 4500
001 - NÚMERO DE CONTROLE
Campo de Controle 812
003 - IDENTIFICAÇÃO DO NÚMERO DE CONTROLE
Campo de Controle BR-CuiBMT
005 - DATA E HORA DA ÚLTIMA ATUALIZAÇÃO
Campo de Controle 20231120013646.0
008 - DADOS FIXOS
Dados Fixos 231111s2011 dfb 000 0 por d
020 ## - INTERNATIONAL STANDARD BOOK NUMBER
Nº do ISBN 9788588652385
040 ## - AGÊNCIA CATALOGADORA
Código da Agência Catalogadora BR-CuiBMT
Agência que transcreveu o registro BR-CuiBMT
080 ## - Nº DA CLASSIFICAÇÃO DECIMAL UNIVERSAL
Nº Class. CDU 343.2:33
Nº edição CDU 2007
090 ## - NÚMERO DE CHAMADA
Nº classificação 343.2:33
Cutter I58
245 10 - TÍTULO PRINCIPAL
Título principal Inovações no direito penal econômico :
Subtítulo contribuições criminológicas, político-criminais e dogmáticas /
Indicação de responsabilidade organizador Artur de Brito Gueiros Souza ; [autores Anabela Miranda Rodrigues ... et al.].
260 ## - PUBLICAÇÃO, DISTRIBUIÇÃO, ETC.
Local de publicação Brasília :
Editora ESMPU,
Data 2011.
300 ## - DESCRIÇÃO FÍSICA
N. páginas ou volumes 384 p. ;
Dimensões 23 cm
504 ## - NOTA DE BIBLIOGRAFIA, ETC.
Nota de bibliografia Inclui bibliografia.
650 ## - ASSUNTO TÓPICO
Cabeçalho tópico ou nome geográfico Direito penal econômico
Subdivisão geográfica Brasil
650 ## - ASSUNTO TÓPICO
Cabeçalho tópico ou nome geográfico Responsabilidade penal
Subdivisão geográfica Brasil
650 ## - ASSUNTO TÓPICO
Cabeçalho tópico ou nome geográfico Lavagem de dinheiro
650 ## - ASSUNTO TÓPICO
Cabeçalho tópico ou nome geográfico Crime econômico
700 1# - ENTRADA SECUNDÁRIA -- NOME PESSOAL
Nome pessoal Souza, Artur de Brito Gueiros
Cód. do termo explicativo org.
700 1# - ENTRADA SECUNDÁRIA -- NOME PESSOAL
Nome pessoal Rodrigues, Anabela Miranda,
Datas associadas ao nome 1953-
Cód. do termo explicativo et al.
-- autores
942 ## - ELEMENTOS DE ENTRADA ADICIONAIS (KOHA)
Fonte de classificação ou esquema de arquivamento Classificação Decimal Universal
Tipo de item do Koha Livros
Holdings
Estado: removido Estado: perdido Fonte de classificação ou esquema de arquivamento Estado: danificado Indisponível para empréstimo Localização permanente Localização atual Data de aquisição Total Checkouts Número de Chamada completo Código de barras Date last seen Número do exemplar Preço efetivo a partir de Tipo de item (Koha)
    Classificação Decimal Universal     Biblioteca da Escola Superior de Contas do TCE/MT Biblioteca da Escola Superior de Contas do TCE/MT 12/07/2011   343.2:33 I58 BIBTCEMT23110746 20/11/2023 Ex. 1 20/11/2023 Livros

Powered by Koha